[Event "Bundesliga 1516"]
[Site "Germany"]
[Date "2015.12.12"]
[Round "3.7"]
[White "Rogozenco, Dorian"]
[Black "Nisipeanu, Liviu Dieter"]
[Result "0-1"]
[WhiteElo "2526"]
[BlackElo "2678"]
[Annotator "CB"]
[PlyCount "52"]
[EventDate "2015.09.18"]
[EventType "team-tourn"]
[EventRounds "15"]
[EventCountry "GER"]
[SourceTitle "CBM 170"]
[Source "ChessBase"]
[SourceDate "2016.01.15"]
[SourceVersion "1"]
[SourceVersionDate "2016.01.15"]
[SourceQuality "1"]
[WhiteTeam "Hamburger SK"]
[BlackTeam "Baden-Baden"]
[WhiteTeamCountry "GER"]
[BlackTeamCountry "GER"]

1. d4 Nf6 2. c4 e6 3. Nf3 Bb4+ 4. Nbd2 d5 5. Qa4+ Nc6 6. a3 Bxd2+ 7. Bxd2 Ne4
8. Rd1 O-O 9. e3 Bd7 10. Qc2 Be8 11. Bd3 (11. b4 a6 12. Bc1 f5 13. Be2 Bh5 14.
Bb2 f4 15. exf4 Rxf4 16. O-O Qf6 17. cxd5 exd5 18. Qb3 Qd6 19. Qe3 Nf6 20. Qd2
Ne4 21. Qe3 Nf6 22. Qd2 Rf8 23. Rde1 Ne4 24. Qe3 Qg6 25. Kh1 R8f5 26. h3 Qf7
27. Rg1 Bxf3 28. Bxf3 Rxf3 29. gxf3 Rxf3 30. Rxg7+ Kxg7 31. Rg1+ Kf8 32. Qh6+
Ke8 {0-1 (32) Nyback,T (2643)-Nisipeanu,L (2681) Wijk aan Zee 2010}) (11. Be2)
11... f5 12. cxd5 (12. Bc1 Bh5 13. Be2 a5 14. b3 Rf6 15. Ng1 Bxe2 16. Nxe2 Rh6
17. Nf4 g5 {1/2-1/2 (17) Malakhatko,V (2549)-Bauer,C (2610) Cannes 2010}) 12...
exd5 {[#] Schwarz hat hier überhaupt keine Eröffnungsprobleme. Während
Weiß sich hier fragt, was er gegen Lh5 unternehmen soll.} 13. Ne5 $2 (13. O-O
Bh5 14. Be2 Rf6 $36) 13... Nxe5 14. dxe5 Bh5 15. Rc1 Qg5 16. Kf1 (16. O-O Bf3
17. g3 Qg4 18. Rfe1 c5 $19) 16... Nxd2+ 17. Qxd2 f4 18. exf4 Rxf4 19. g3 Rxf2+
20. Qxf2 Rf8 (20... Qxc1+ 21. Kg2 Qg5 $17) 21. Bxh7+ Kxh7 22. Qxf8 Qxc1+ 23.
Kg2 Qc2+ {[#]} 24. Kh3 $2 {Danach wird der weiße König in ein Mattnetz
gezogen.} ({Nötig war} 24. Kg1 d4 (24... Bg4 {scheint nicht zum Ziel zu
führen:} 25. Qf2 Qb1+ 26. Qf1 (26. Kg2 $2 Qe4+ 27. Kg1 Bh3 28. Qd2 d4 29. b4
Qf3 {mit undeckbarem Matt auf g2 oder f1.}) 26... Qxb2 27. Qd3+ Kh8 28. h3 Be6)
25. e6 d3 $17 {und der schwarze Freibauer ist der schnellere.}) 24... Qe4 25.
Rg1 Bg4+ 26. Kh4 Qg6 0-1

[Event "Grenke Chess Classic 1st"]
[Site "Baden-Baden"]
[Date "2013.02.16"]
[Round "9"]
[White "Meier, Georg"]
[Black "Naiditsch, Arkadij"]
[Result "1-0"]
[WhiteElo "2640"]
[BlackElo "2716"]
[Annotator "CB"]
[PlyCount "93"]
[EventDate "2013.02.07"]
[EventType "tourn"]
[EventRounds "10"]
[EventCountry "GER"]
[EventCategory "19"]
[SourceTitle "CBM 153"]
[Source "ChessBase"]
[SourceDate "2013.03.14"]
[SourceVersion "1"]
[SourceVersionDate "2013.03.14"]
[SourceQuality "1"]

1. d4 Nf6 2. c4 e6 3. Nf3 Bb4+ 4. Bd2 Bxd2+ 5. Qxd2 d5 6. g3 O-O 7. Bg2 Nbd7 8.
O-O dxc4 ({Mit der Hauptvariante} 8... c6 {findet man allein von Ulf Andersson
24 Partien in der Datenbank, davon 20 mit Remis.}) 9. Rc1 ({Oder} 9. Na3 {
Ein aktuelles Beispiel auf Topniveau:} e5 10. Nxc4 e4 11. Nfe5 Nb6 12. Ne3 a5
13. Rac1 c6 14. b3 Re8 15. Rfd1 Be6 16. Rc5 a4 17. b4 a3 18. Ra5 Qd6 19. Rc1
Nbd5 20. Nxd5 Bxd5 21. Nc4 Qe7 22. e3 h5 23. Rxa8 Rxa8 24. Nb6 Rd8 25. Nxd5
Nxd5 26. Rc5 h4 27. Bf1 g6 28. b5 cxb5 29. Rxb5 Qc7 30. Qa5 b6 31. Qxa3 Rd6 32.
Qb3 Nf6 33. Rb4 Kg7 34. Rc4 Rc6 35. Rxc6 Qxc6 36. gxh4 Ng4 37. h3 Nh6 38. Qb5
Qf6 39. Qe5 Nf5 40. Bg2 Nd6 41. a4 Qxe5 42. dxe5 Nc4 43. Bxe4 Nxe5 44. Kg2 Kh6
45. Kg3 f6 46. Bc2 Nc4 47. Bd3 Nd6 48. Kg4 Nf7 49. Be2 Nd6 50. Kf4 Nb7 51. h5
gxh5 52. Kf5 Nc5 53. Kxf6 Ne4+ 54. Kf5 Nxf2 55. h4 {1-0 (55) Kramnik,V (2800)
-Adams,M (2734) London 2011}) 9... Qe7 10. Rxc4 c6 11. b3 (11. Qf4 Re8 12. e4
e5 13. dxe5 Nxe5 14. Qxe5 Qxe5 15. Nxe5 Rxe5 16. Nc3 Re7 17. Rd4 Be6 18. f4 Rd7
19. Rxd7 Nxd7 20. Rd1 g6 21. f5 gxf5 22. Bh3 Nf6 23. exf5 Bd5 24. Bg2 Rd8 25.
Bf3 Kf8 26. g4 Ke7 27. Kf2 Rg8 28. h3 Kd6 29. Kg3 Nh5+ 30. Kh4 Nf4 31. Be4 h6
32. Kg3 Nh5+ 33. Kf3 Nf6 34. Kf4 a5 35. Bf3 b5 36. h4 b4 37. Nxd5 Nxd5+ 38.
Bxd5 cxd5 39. g5 hxg5+ 40. hxg5 Re8 41. g6 f6 42. Kg4 Re4+ 43. Kh5 Re2 44. g7
Rg2 45. Kh6 Ke5 46. Kh7 {1-0 (46) Le Quang,L (2693)-Adams,M (2722) Istanbul
2012}) 11... Re8 12. Ne5 Nd5 13. Qb2 f6 14. Nxd7 Bxd7 15. Nd2 e5 16. dxe5 Qxe5
17. Qxe5 Rxe5 18. Ne4 Nb6 19. Rd4 Be6 20. Rad1 Bd5 21. Nc3 Bxg2 22. Kxg2 Rae8
23. e3 Kf7 24. a4 R8e7 25. b4 Na8 (25... a5 $5) 26. e4 {Die beiden schwarzen
Türme auf der e-Linie stehen sich gegenseitig im Weg herum.} g5 27. f4 gxf4
28. gxf4 Rh5 $2 {Hier kommt der Turm ins Gedränge. Auf h6 und h4 läuft er in
eine Gabel auf f5.} ({Nötig war} 28... R5e6) 29. Ne2 Rh4 30. Kg3 {Die falsche
Figur, aber der Zug verdirbt nichts.} Rh5 31. Kg2 Rh4 32. Ng3 {So ist es
richtig.} Rxf4 33. Nf5 Rxf5 (33... Rc7 34. Kg3 $18) 34. exf5 Nb6 35. Rh4 Kg7
36. Rg4+ Kf7 37. Rh4 Kg7 38. Rg1 $18 Nxa4 39. Kf3+ Kf8 40. Rhg4 Rf7 41. Rg8+
Ke7 42. Rd1 {Hält den König auf der e-Linie fest.} Nb6 ({Die Idee war} 42...
Z0 43. Rgd8 Z0 44. R1d7#) 43. Rb8 Nd7 44. Rxb7 Ke8 45. Kf4 Ne5 46. Rxf7 Kxf7
47. Ke4 ({Vermeidet} 47. Ra1 Nd3+) 1-0

[Event "Batumi FIDE GP (Women)"]
[Site "Batumi"]
[Date "2016.05.01"]
[Round "10"]
[White "Gunina, Valentina"]
[Black "Zhao, Xue"]
[Result "1-0"]
[WhiteElo "2497"]
[BlackElo "2504"]
[Annotator "CB"]
[PlyCount "61"]
[EventDate "2016.04.20"]
[EventType "tourn"]
[EventRounds "11"]
[EventCountry "GEO"]
[EventCategory "10"]
[SourceTitle "CBM 172"]
[Source "ChessBase"]
[SourceDate "2016.05.12"]
[SourceVersion "1"]
[SourceVersionDate "2016.05.12"]
[SourceQuality "1"]

1. d4 Nf6 2. c4 e6 3. Nf3 Bb4+ 4. Bd2 c5 5. Bxb4 cxb4 6. g3 O-O 7. Bg2 d6 8.
O-O Qb6 {Diagramm [#] Selten gespielt, aber kein schlechter Zug.} 9. Qd3 Rd8
10. Nbd2 e5 11. Ne4 Nbd7 12. Rad1 Nxe4 13. Qxe4 Re8 14. Qc2 h6 15. dxe5 dxe5
16. Rd5 e4 $6 {Diagramm [#] Überlässt dem weißen Springer das Feld d4 und
verschlechtert die schwarze Stellung.} (16... Qc7 $1 $11) 17. Nd4 Nf6 18. Rb5
Qc7 (18... Qd6 19. Rd1 a5 20. Nf5 Qc6 21. Rd6 Qc7 22. Nxh6+ Kh7 23. Nf5 Bxf5
24. Rxf6 gxf6 25. Rxf5 $16 {war schwer zu berechnen.}) 19. Rxb4 Bd7 20. c5 Rac8
21. Rc1 a5 22. Rc4 b5 23. cxb6 Qxb6 24. Qb3 $6 {Gibt den Vorteil aus der Hand,
aber das war sehr schwer zu sehen.} (24. Qd2 $1 {Der Turm c1 bleibt durch die
Dame gedeckt.}) 24... Qxd4 25. Rxd4 Rxc1+ 26. Bf1 Rec8 27. Kg2 {Diagramm [#]}
Re1 $2 {Der entscheidende Fehler.} (27... Be6 $1 28. Qa4 Ra1 29. Rd1 Rxa2 30.
Qb5 Rc2 {wäre für Weiß kaum zu gewinnen gewesen.}) 28. Rxd7 Nxd7 29. Qb7 Nb6
(29... Rcc1 30. Qxd7 Rxf1 31. Qe8+ Kh7 32. Qxe4+ g6 33. Qd5 {Auch hier
verliert Schwarz den a-Bauern.}) 30. Qxb6 Rcc1 31. Qxa5 {Diagramm [#] Diese
Schlussstellung hat ein Diagramm verdient.} (31. Qxa5 Rxf1 32. Qa8+ Kh7 33.
Qxe4+ g6 34. b4 {ist für eine versierte Großmeisterin leicht gewonnen: Der
eigene König steht vollkommen sicher und die beiden Freibauern laufen.}) 1-0

[Event "Grenke Chess Classic 1st"]
[Site "Baden-Baden"]
[Date "2013.02.09"]
[Round "3"]
[White "Meier, Georg"]
[Black "Anand, Viswanathan"]
[Result "1/2-1/2"]
[WhiteElo "2640"]
[BlackElo "2780"]
[Annotator "CB"]
[PlyCount "65"]
[EventDate "2013.02.07"]
[EventType "tourn"]
[EventRounds "10"]
[EventCountry "GER"]
[EventCategory "19"]
[SourceTitle "CBM 153"]
[Source "ChessBase"]
[SourceDate "2013.03.14"]
[SourceVersion "1"]
[SourceVersionDate "2013.03.14"]
[SourceQuality "1"]

1. d4 e6 2. c4 Bb4+ 3. Bd2 c5 4. Bxb4 cxb4 5. Nf3 Nf6 6. g3 a5 7. Bg2 O-O 8.
O-O d6 9. a3 Na6 10. axb4 Nxb4 11. Nc3 Qc7 12. Rc1 Bd7 13. Nd2 Rfd8 14. Nde4
Ne8 15. b3 Qb6 16. e3 d5 17. Nc5 Bc6 18. N5a4 Qc7 19. c5 Nf6 20. Re1 Nd7 {
Among all the subtleties discussed in the press conference it was this
position that provoked the strongest emotions. Georg Meier played} 21. Bf1 ({
but Anand described} 21. e4 $5 {as "very complicated" and "the only way we
could have got anything. I don't know if White's better, but it seemed like
the move to play." A possible line would be} dxe4 22. Nxe4 e5 23. Nd6 exd4 24.
Re7 {and suddenly both sides have chances. Vishy's less technical description
of the positions after 21.e4 was "a mess", but instead we got a tidy and
bloodless draw.}) 21... b6 22. cxb6 Nxb6 23. Nxb6 Qxb6 24. Na4 Bxa4 25. bxa4
Rac8 26. Qd2 Qd6 27. h4 g6 28. Bb5 h5 29. Red1 Qf8 30. Kg2 Kg7 31. Kg1 Kg8 32.
Kg2 Kg7 33. Kg1 1/2-1/2

[Event "Dilijan FIDE GP (Women)"]
[Site "Dilijan"]
[Date "2013.06.19"]
[Round "4"]
[White "Girya, Olga"]
[Black "Danielian, Elina"]
[Result "1-0"]
[WhiteElo "2436"]
[BlackElo "2475"]
[Annotator "CB"]
[PlyCount "83"]
[EventDate "2013.06.16"]
[EventType "tourn"]
[EventRounds "11"]
[EventCountry "ARM"]
[EventCategory "11"]
[SourceTitle "CBM 155"]
[Source "ChessBase"]
[SourceDate "2013.07.16"]
[SourceVersion "1"]
[SourceVersionDate "2013.07.16"]
[SourceQuality "1"]

{A positional game with equal chances, but in time trouble Elina overestimated
her chances.} 1. d4 Nf6 2. Nf3 e6 3. c4 Bb4+ 4. Bd2 c5 5. Bxb4 cxb4 6. g3 O-O
7. Bg2 d6 8. O-O Nc6 9. Qb3 Qb6 10. Rd1 e5 11. d5 Na5 12. Qc2 Bg4 13. Nbd2 Rac8
14. Rdc1 Bh5 15. e4 Bg6 16. Qd3 Qc5 17. Nh4 b5 18. Nxg6 hxg6 19. Nb3 Nxb3 20.
axb3 Rc7 21. Bh3 g5 22. Ra5 g4 23. Bf1 Rfc8 24. Rca1 bxc4 25. bxc4 Qd4 26. Qxd4
exd4 27. Rd1 Nxe4 28. Rxd4 Re8 29. Rb5 f5 30. Rxb4 Ng5 31. Rd1 Nf3+ 32. Kh1 g5
33. Rb3 Rce7 34. h3 Re1 35. Rbd3 gxh3 36. Rxe1 Nxe1 37. Rd1 g4 38. c5 Nf3 $2 (
38... dxc5 {leads to a position with equal opportunities.}) 39. c6 Re7 40. Bd3
Nd4 41. Rc1 Nb3 42. c7 1-0

[Event "YUG-chT"]
[Site "Budva"]
[Date "1996.??.??"]
[Round "6"]
[White "Komarov, Dimitri"]
[Black "Sokolov, Andrei"]
[Result "1/2-1/2"]
[WhiteElo "2530"]
[BlackElo "2580"]
[Annotator "Chekhov,V"]
[PlyCount "69"]
[EventDate "1996.??.??"]
[EventType "team"]
[EventRounds "6"]
[EventCountry "YUG"]
[SourceTitle "CBM 053 Extra"]
[Source "ChessBase"]
[SourceDate "1996.09.01"]
[SourceVersion "1"]
[SourceVersionDate "1996.09.01"]
[SourceQuality "1"]

1. d4 Nf6 2. c4 e6 3. Nf3 Bb4+ 4. Bd2 Qe7 5. g3 Nc6 6. Nc3 Bxc3 (6... d5 7. a3
Bxc3 8. Bxc3 Ne4 9. Qc2 a5 10. b3 O-O 11. Bg2 Bd7 12. O-O Rfd8 13. Bb2 $14 {
Razuvaev,Y-Goldin,A/Asiago/1994/1|0/41/}) 7. Bxc3 Ne4 8. Rc1 Nxc3 (8... d6 9.
d5 Nxc3 10. Rxc3 Nb8 (10... Nd8 $5) 11. dxe6 fxe6 12. Nd4 e5 13. Nc2 O-O 14.
Bg2 Nd7 15. b4 a5 16. a3 $14 {Benjamin,J-Adams,M/Amsterdam/1994/0,5/42/}) (8...
O-O $5 9. Bg2 d6 10. d5 Nd8 11. dxe6 Nxe6 12. Bb4 f5 13. O-O Bd7 14. e3 $14 {
Kaidanov,G-Wahls,M/New York/1994/1|0/44/}) 9. Rxc3 a5 $5 {N/} (9... d6 $5) (
9... O-O $5) 10. Bg2 O-O 11. O-O d6 12. d5 Nb4 $5 13. dxe6 (13. a3 Na6 14. dxe6
fxe6 15. Nd4 $14) 13... fxe6 14. a3 Nc6 15. Nd4 Nxd4 (15... Bd7 $5 16. Nxc6 (
16. Re3 $5 e5 17. Nxc6 Bxc6 18. Bxc6 bxc6 19. Qa4 Qe8 $13) 16... Bxc6 17. Bxc6
bxc6 18. Qa4 Qe8 (18... c5 19. Rb3 Qe8 20. Qxe8 Rfxe8 21. Rc1 Rab8 $10) 19. c5
d5 20. Re3 $14) 16. Qxd4 e5 17. Qd2 (17. Qd5+ Be6 18. Qxb7 Rab8 19. Qa7 Rxb2
20. Re1 Qf7 $36) 17... a4 18. c5 $1 Rd8 (18... dxc5 19. Qd5+ Kh8 20. Qxc5 Qxc5
21. Rxc5 $18) 19. cxd6 Rxd6 (19... cxd6 20. Bd5+ Be6 21. Rfc1 $16) 20. Qc2 (20.
Qe3 $5) 20... c6 21. Rc4 Be6 (21... Rd4 22. Rxd4 exd4 23. Qc4+ Qe6 24. Qxd4
Qxe2 25. Qd8+ Kf7 26. Rc1 $16) 22. Rxa4 Rxa4 23. Qxa4 Rd2 24. Qa8+ Kf7 25. Be4
Bh3 (25... Rxe2 26. Bxh7 $16) (25... h6 26. Qa5 Qd6 27. Qb6 $16) 26. Re1 Qd7
27. Qa5 (27. Bxh7 Rd1 28. Qa5 (28. Qg8+ Kf6 29. Qf8+ Kg5 30. Qb4 Qd4 31. Qe7+
Kh6 $19) 28... g6 $19) 27... Kf6 28. Qb4 Rd4 (28... Rd1 29. Bc2 (29. Bd3 Qd5
30. Qf8+ (30. f3 $4 Qd4+ 31. Qxd4 Rxe1+ 32. Kf2 Rf1+ 33. Ke3 exd4+ $19) 30...
Ke6 31. Qg8+ Kf6 32. Qf8+ $10) 29... Qd5 30. e4 Rxe1+ 31. Qxe1 Qd4 32. Qb4 $1
$16) 29. Qf8+ Qf7 30. Qxf7+ Kxf7 31. f3 Rd2 (31... Be6 32. Rc1 Rd2 33. Rc2 $16)
32. g4 (32. Kf2 Be6 (32... Rxb2 $4 33. g4 h5 34. Kg3 hxg4 35. fxg4 Rb3+ 36. e3
$18) 33. b4 Ra2 $10) 32... h5 33. gxh5 Rxb2 34. Kf2 Be6 35. Rc1 (35. Rb1 Rxb1
36. Bxb1 Kf6 37. Bg6 c5 $44) (35. Rc1 Kf6 $132) 1/2-1/2

[Event "URS-ch55"]
[Site "Moscow"]
[Date "1988.07.??"]
[Round "8"]
[White "Jussupow, Artur"]
[Black "Smyslov, Vassily V"]
[Result "1-0"]
[WhiteElo "2620"]
[BlackElo "2550"]
[Annotator "ChessBase"]
[PlyCount "73"]
[EventDate "1988.07.??"]
[EventType "tourn"]
[EventRounds "17"]
[EventCountry "URS"]
[EventCategory "14"]
[SourceTitle "URS-ch"]
[Source "ChessBase"]
[SourceDate "1999.07.01"]
[SourceVersion "1"]
[SourceVersionDate "1999.07.01"]
[SourceQuality "1"]

1. d4 Nf6 2. c4 e6 3. Nf3 Bb4+ 4. Nbd2 c5 $6 5. a3 Bxd2+ 6. Bxd2 cxd4 (6... d6
$5) 7. Nxd4 d6 8. g3 O-O 9. Bg2 $14 a6 10. Bb4 $5 Ne8 11. Qd2 Ra7 $1 12. O-O (
12. c5 $6 e5 $1 13. Nb3 Be6) 12... b6 13. Rfd1 Rc7 (13... Bb7 $2 14. e4 $16)
14. b3 Bb7 15. Bxb7 (15. e4 $5 $14) 15... Rxb7 16. a4 Qc8 $1 17. a5 (17. e4 Nd7
) 17... bxa5 18. Rxa5 e5 19. Nc2 Nc6 20. Ra4 (20. Rxa6 $4 Nxb4 21. Nxb4 Rxb4)
20... a5 $1 21. Bxa5 Rxb3 22. Bb4 $14 Nf6 $6 (22... Nxb4 23. Rxb4 Rxb4 24. Qxb4
f5 25. Ne3 $14) 23. Bxd6 Ne4 24. Qe1 $8 Rd8 25. c5 Nc3 26. Na1 $1 Nxa4 27. Nxb3
Qe6 28. Rb1 h5 29. e3 $1 Ra8 $1 30. h4 Ra7 $6 (30... Qf5 $1) 31. Qc1 Qf5 32.
Nd2 Qd3 $6 (32... g5 $16) 33. Rb3 Qe2 34. Ne4 f6 35. Qb1 $18 Qc4 36. Rb8+ Kf7 (
36... Nxb8 37. Qxb8+ Kh7 38. Qxa7 Qxe4 39. Bf8 Qg4 40. c6 $18) 37. Ng5+ $1 1-0

[Event "Helsinki Poutiainen Memorial"]
[Site "Helsinki"]
[Date "1983.09.20"]
[Round "4"]
[White "Lukacs, Peter"]
[Black "Tiller, Bjorn"]
[Result "1-0"]
[WhiteElo "2460"]
[BlackElo "2435"]
[Annotator "ChessBase"]
[PlyCount "121"]
[EventDate "1983.09.17"]
[EventType "tourn"]
[EventRounds "11"]
[EventCountry "FIN"]
[EventCategory "8"]
[SourceTitle "MCD"]
[Source "ChessBase"]
[SourceDate "1999.07.01"]
[SourceVersion "1"]
[SourceVersionDate "1999.07.01"]
[SourceQuality "1"]

1. d4 e6 2. c4 Nf6 3. Nf3 Bb4+ 4. Bd2 Qe7 5. g3 Nc6 6. Nc3 d5 7. cxd5 exd5 8.
Bg5 Bg4 9. Bg2 Rd8 10. O-O O-O 11. h3 Bf5 12. Rc1 h6 13. Bxf6 Qxf6 14. e3 Rfe8
15. a3 Bf8 16. Nd2 Qe6 17. Kh2 Ne7 $2 {[#]} 18. Nb5 $16 c6 19. Nc7 Qd7 20. Nxe8
Rxe8 21. Qa4 Nc8 22. Rfe1 Rd8 23. Rcd1 h5 24. e4 dxe4 25. Nxe4 h4 26. d5 cxd5
27. Qxd7 Rxd7 28. Ng5 hxg3+ 29. fxg3 Be7 30. Bxd5 Bxg5 31. Re8+ Kh7 32. Rxc8
Re7 33. Rf8 Re2+ 34. Kh1 f6 35. h4 Bh6 36. h5 Be3 37. Re8 Bg4 38. Rf1 Bxh5 39.
Be4+ Bg6 40. Rf3 Re1+ 41. Kg2 Rg1+ 42. Kh2 Bxe4 43. Rxe4 Bb6 44. Re7 Rb1 45. b4
Ra1 46. Rxb7 f5 47. Rf7 Kg6 48. R7xf5 Rxa3 49. Rxa3 Kxf5 50. Rd3 Ke4 51. Rd7
Bd4 52. Kh3 Kd3 53. Kg4 Kc4 54. Kf5 Bf2 55. g4 Kxb4 56. Rxg7 a5 57. g5 Bd4 58.
Rb7+ Kc4 59. Ke4 Bh8 60. Ra7 Kb4 61. Kd3 1-0

[Event "URS-ch55"]
[Site "Moscow"]
[Date "1988.07.??"]
[Round "3"]
[White "Gavrikov, Viktor"]
[Black "Salov, Valery"]
[Result "1/2-1/2"]
[WhiteElo "2545"]
[BlackElo "2625"]
[Annotator "ChessBase"]
[PlyCount "27"]
[EventDate "1988.07.??"]
[EventType "tourn"]
[EventRounds "17"]
[EventCountry "URS"]
[EventCategory "14"]
[SourceTitle "URS-ch"]
[Source "ChessBase"]
[SourceDate "1999.07.01"]
[SourceVersion "1"]
[SourceVersionDate "1999.07.01"]
[SourceQuality "1"]

1. d4 Nf6 2. c4 e6 3. Nf3 Bb4+ 4. Bd2 c5 5. Bxb4 cxb4 6. e3 O-O 7. Be2 d6 8.
O-O Nc6 9. Qb3 (9. a3) 9... Qa5 10. a3 Bd7 11. Rc1 Rfc8 12. h3 Rc7 13. Rd1 b6
14. axb4 (14. axb4 Qxb4 $1 15. Qxb4 Nxb4 16. Nc3 $10) 1/2-1/2

[Event "USA-ch G1"]
[Site "Chandler"]
[Date "1997.08.30"]
[Round "6"]
[White "Browne, Walter Shawn"]
[Black "Yermolinsky, Alex"]
[Result "1/2-1/2"]
[WhiteElo "2530"]
[BlackElo "2650"]
[Annotator "ChessBase"]
[PlyCount "101"]
[EventDate "1997.08.23"]
[EventType "tourn"]
[EventRounds "7"]
[EventCountry "USA"]
[EventCategory "12"]
[SourceTitle "CBM 061"]
[Source "ChessBase"]
[SourceDate "1997.11.23"]
[SourceVersion "1"]
[SourceVersionDate "1997.11.23"]
[SourceQuality "1"]

1. d4 Nf6 2. c4 e6 3. Nf3 Bb4+ 4. Nbd2 d6 5. a3 (5. g3 Nbd7 6. Bg2 e5 7. O-O
exd4 8. Nb3 a5 9. Nfxd4 a4 10. Nc2 axb3 11. Nxb4 c5 12. Nd3 bxa2 13. Bf4 Qb6
14. Qc2 O-O 15. b3 Re8 16. Nc1 Ne5 17. Rd1 Bd7 18. Rxa2 h6 19. Rxa8 Rxa8 20.
Qd2 Ra6 21. Bxe5 dxe5 22. Qe3 Bf5 23. Qxe5 Bc2 24. Rf1 Ra8 25. Qc3 Be4 26. f3
Bc6 27. Rd1 Nd7 28. Rd2 Nf8 29. Bh3 Re8 30. e4 Qc7 31. Nd3 Bd7 32. Bxd7 Nxd7
33. Nf4 Ne5 34. Nd5 Qd8 35. Kg2 Nc6 36. Ne3 Qc7 37. Nf5 f6 38. Rd5 b6 39. Qd2
Ne5 40. f4 Ng6 41. Rd7 {1-0 Nepomnishay,M-Savon,V/St.Petersburg Petrov 1996/
CBM 52}) 5... Bxd2+ 6. Qxd2 (6. Bxd2 Nbd7 7. Qc2 Qe7 8. Bg5 e5 9. e3 a5 10. Be2
a4 11. O-O O-O 12. Rae1 Re8 13. Nd2 h6 14. Bh4 Nf8 15. d5 Ng6 16. Bg3 c6 17.
Ne4 Nxe4 18. Qxe4 c5 19. Bh5 Qg5 20. Bxg6 f5 21. Qb1 Qxg6 22. b4 axb3 23. Qxb3
Qf7 24. f4 e4 25. a4 Qc7 26. Ra1 {1/2-1/2 Cherepkov,A-Taimanov,M/Leningrad
White Knights 1984/MCL 04}) 6... Nbd7 $146 (6... a5 7. Qc2 Nbd7 8. Bg5 Qe7 9.
e3 h6 10. Bh4 b6 11. Be2 Bb7 12. h3 g5 13. Bg3 Ne4 14. Bh2 h5 15. Bd3 Ndf6 16.
O-O-O O-O-O 17. Ng1 g4 18. f3 gxf3 19. gxf3 Ng5 20. e4 h4 21. b4 axb4 22. axb4
Nd7 23. f4 Nh7 24. Nf3 f5 25. Rhe1 Nhf6 26. d5 fxe4 27. Bxe4 Nxe4 28. Rxe4 Qg7
29. Rxe6 Qa1+ 30. Kd2 Qa3 31. Qc3 Qa2+ 32. Qc2 Qa3 33. Qc3 {1/2-1/2 Michaelsen,
N-Schmittdiel,E/FRG-ch 1989/CBM 15}) 7. e3 e5 8. dxe5 dxe5 9. b4 e4 10. Nd4 Ne5
11. Bb2 O-O 12. Be2 Qe7 13. Qc3 Re8 14. Rd1 Bg4 15. f3 exf3 16. gxf3 Bd7 17.
Nb5 Bc6 18. Qxe5 Qxe5 19. Bxe5 Rxe5 20. Kf2 Re7 21. Nc3 Rae8 22. e4 Kf8 23. h4
Bd7 24. Rd4 c6 25. Rhd1 Bc8 26. c5 Nh5 27. Bc4 f5 28. Rd8 Nf6 29. exf5 Bxf5 30.
Ne2 Be6 31. Bxe6 Rxe6 32. Nd4 Re5 33. Rxe8+ Kxe8 34. Nb3 Re6 35. Na5 b6 36.
cxb6 axb6 37. Nc4 Nd5 38. Rd4 b5 39. Na5 Kd7 40. Nb3 Kd6 41. Rd2 Rh6 42. Kg3
Rg6+ 43. Kf2 Rf6 44. Kg3 Rh6 45. Rd1 Re6 46. Kf2 Rf6 47. Kg3 Rg6+ 48. Kf2 Rh6
49. Kg3 Rg6+ 50. Kf2 Rf6 51. Kg3 1/2-1/2

[Event "Beersheba 16th"]
[Site "Beersheba"]
[Date "1997.03.05"]
[Round "9"]
[White "Mikhalevski, Victor"]
[Black "Kortschnoj, Viktor Lvovich"]
[Result "1-0"]
[WhiteElo "2535"]
[BlackElo "2635"]
[Annotator "ChessBase"]
[PlyCount "219"]
[EventDate "1997.02.24"]
[EventType "tourn"]
[EventRounds "11"]
[EventCountry "ISR"]
[EventCategory "12"]
[SourceTitle "CBM 058"]
[Source "ChessBase"]
[SourceDate "1997.06.01"]
[SourceVersion "1"]
[SourceVersionDate "1997.06.01"]
[SourceQuality "1"]

1. d4 Nf6 2. c4 e6 3. Nf3 Bb4+ 4. Nbd2 d5 5. a3 Be7 6. g3 c5 7. dxc5 a5 8. cxd5
exd5 9. Bg2 Bxc5 10. Nb3 Bb6 11. Nbd4 O-O 12. b3 Nc6 13. Bb2 Re8 14. O-O Bg4
15. Nxc6 bxc6 16. Ne5 Bh5 (16... Rxe5 17. Bxe5 Qe8 18. Bxf6 Bxe2 19. Qd2 Bxf1
20. Qg5 $18) 17. Nxc6 Qd6 18. Nd4 Rab8 19. Bf3 Bg6 20. e3 Ne4 21. Bg2 Bc5 22.
a4 Bb4 23. Nb5 Qf8 24. Qd4 Nd2 25. Qxd5 Rbd8 26. Qg5 Nxf1 27. Bxf1 Re4 28. Nd4
Rc8 29. Qb5 h6 30. Bg2 Ree8 31. Bb7 Rc5 32. Qa6 Rd8 33. Bg2 Qe8 34. Qa7 Be4 35.
Bxe4 Qxe4 36. Qb6 Rdc8 37. Rf1 Qd5 38. Qa6 Bc3 39. Bxc3 Rxc3 40. Nb5 Rc1 41.
Nd4 Qe4 42. Qxa5 Qb1 43. Rxc1 Rxc1+ 44. Kg2 Qe4+ 45. Nf3 Rc8 46. Qb5 g5 47. h3
Rc6 48. Qb7 f5 49. Qb8+ Kg7 50. Qa7+ Kg8 51. Qd4 Qe6 52. Qd8+ Kh7 53. Nd4 Qe4+
54. f3 Rc2+ 55. Nxc2 Qxc2+ 56. Kf1 Qxb3 57. Qd7+ Kg6 58. Qc6+ Kh7 59. Ke2 h5
60. Kd2 g4 61. fxg4 hxg4 62. hxg4 Qb4+ 63. Qc3 Qxg4 64. Qc7+ Kg6 65. Qd6+ Kf7
66. Qf4 Qh3 67. e4 Qg2+ 68. Kc3 Qa2 69. Qxf5+ Kg7 70. Qe5+ Kh7 71. Kb4 Qb1+ 72.
Ka5 Qb7 73. g4 Qa7+ 74. Kb5 Qb7+ 75. Kc4 Qc6+ 76. Kb3 Qb6+ 77. Kc2 Qc6+ 78. Kb3
Qb6+ 79. Ka2 Qf2+ 80. Qb2 Qc5 81. Qe2 Qc6 82. Qh2+ Kg8 83. Qb8+ Kh7 84. Qa7+
Kh6 85. Qe3+ Kh7 86. Qd4 Kh6 87. a5 Qe6+ 88. Ka3 Kh7 89. Qd5 Qe7+ 90. Kb3 Qc7
91. e5 Qb8+ 92. Kc4 Qc8+ 93. Kb5 Qxg4 94. a6 Qe2+ 95. Kb6 Qb2+ 96. Kc6 Qb8 97.
Qd7+ Kh8 98. a7 Qf8 99. Qh3+ Kg8 100. Qg4+ Kh7 101. Qh4+ Kg8 102. Qg5+ Kh7 103.
Qf6 Qa8+ 104. Kb6 Qd5 105. Qe7+ Kg8 106. Qe8+ Kh7 107. a8=Q Qd4+ 108. Kc7 Qc5+
109. Qac6 Qa5+ 110. Kc8 1-0